Sciences par lettre - Q - Statistiques

Statistiques générales
  • Ce quiz a été pris 56 fois
  • Le résultat moyen est 15 sur 20
Statistiques - réponses
Indices Réponses % Correct
Nom donné au résultat d'une division Quotient
100%
Code-barres en 2D composé de pixels noirs et blancs, pouvant être scanné à l'aide d'un smartphone / d'une tablette {QR} {code}
97%
Ce score standardisé, abrégé "QI", témoigne des capacités cognitives d'un individu {Quotient} {intellectuel}
97%
Se dit des cinq enfants nés d'une même grossesse Quintuplés
95%
Mesure sanitaire consistant à isoler temporairement des êtres vivants présumés porteurs d'une maladie contagieuse Quarantaine
92%
Procédure, mise en place par les entreprises, qui vise à s'assurer de la conformité d'un produit aux normes établies Contrôle {qualité}
87%
Se dit des animaux, en particulier des mammifères, pourvus de quatre pattes Quadrupèdes
87%
Muscle le plus volumineux du corps humain, situé sur la face antérieure de la cuisse Quadriceps
82%
Polygone à quatre côtés (à l'image du carré, du rectangle, du losange…) Quadrilatère
82%
Appendice plus ou moins développé et flexible, généralement poilu, prolongeant la colonne vertébrale des animaux Queue
82%
Action d'attribuer une valeur numérique à un phénomène mesurable Quantification
77%
Minéral dur et cristallin, composé de dioxyde de silicium (SiO2), l'un des plus abondants de la croûte terrestre Quartz
77%
Principalement utilisée dans le secteur agricole, cette unité de masse (de symbole " q ") équivaut à 100 kg Quintal
77%
Plante herbacée originaire des Andes (Pérou / Bolivie), cultivée pour ses graines très nutritives Quinoa
74%
Relatif aux quanta et à tout ce qui traite du comportement des objets physiques au niveau microscopique Quantique
62%
Alcaloïde extrait de l'écorce de quinquina, principalement utilisé dans le traitement et la prévention du paludisme Quinine
54%
Cette particule élémentaire est l'un des constituants de base des protons et des neutrons Quark
44%
Dernière période géologique de l'ère du Cénozoïque, au cours de laquelle le genre Homo est apparu Quaternaire
41%
Signification de la grandeur " n " dans la formule : C = n / V {Quantité} {de} {matière}
33%
Élément d'un circuit électrique comportant quatre bornes (deux d'entrée et deux de sortie) Quadripôle
18%
Aucun quiz correspondant
Distribution des résultats
% des personnes avec chaque résultat
Percentile par nombre de réponses
Votre historique - résultats
Vous n’avez pas pris ce quiz